| 000 | 00389cam a2200169 4500 | ||
|---|---|---|---|
| 001 | D13436 | ||
| 008 | 090401t1953 xxu||||| |||| 00| 0 eng d | ||
| 035 | _a(Sirsi) u9769 | ||
| 041 | _aeng | ||
| 100 | _aMiles, C.W.N. | ||
| 245 | _aEstate finance and business management | ||
| 260 |
_bEstates Gazette _c1953 |
||
| 350 | _a0 | ||
| 520 | _aShelf 132 | ||
| 942 | _n0 | ||
| 948 | _c04/03/1997 | ||
| 999 |
_c86664 _d86664 |
||